<The> Evaluation of Economic Benefits from Migrated Labour in V4 Countries

Analýza ekonomických prínosov migrovaných pracovných síl v krajinách V4. Význam efektívneho riadenia migračných tokov, ktoré môžu výrazne ovplyvniť hospodársky rozvoj krajiny zvýšením produktivity práce, demografie a vo vývoji a udržateľnostiť dôchodkových systémov.

Gespeichert in:
Bibliographische Detailangaben
1. Verfasser: Tupá, Magdaléna
Format: Buchkapitel
Sprache:Englisch
Schlagworte:
Tags: Tag hinzufügen
Keine Tags, Fügen Sie das erste Tag hinzu!

MARC

LEADER 00000naa a2200000 4500
001 0250247
005 20220718121407.6
041 0 |a eng 
044 |a SK 
245 1 0 |a <The> Evaluation of Economic Benefits from Migrated Labour in V4 Countries  |c Magdaléna Tupá 
520 |a Analýza ekonomických prínosov migrovaných pracovných síl v krajinách V4. Význam efektívneho riadenia migračných tokov, ktoré môžu výrazne ovplyvniť hospodársky rozvoj krajiny zvýšením produktivity práce, demografie a vo vývoji a udržateľnostiť dôchodkových systémov. 
610 2 0 |a politika migračná 
610 2 0 |a Vyšehradská štvorka 
610 2 0 |a trh práce 
610 2 0 |a politika zamestnanosti 
610 2 0 |a politika populačná 
610 2 0 |a produktivita práce 
100 1 |a Tupá, Magdaléna